[Event "SUI-ch Seniors"]
[Site "Graechen"]
[Date "1999.??.??"]
[Round "3"]
[White "Schweizer, Robert"]
[Black "Fritschi, Werner"]
[Result "1-0"]
[WhiteElo "1915"]
[BlackElo "1670"]
[PlyCount "67"]
[EventDate "1999.07.??"]
[EventType "swiss"]
[EventRounds "9"]
[EventCountry "SUI"]
[SourceTitle "EXT 2002"]
[Source "ChessBase"]
[SourceDate "2001.11.25"]
[SourceVersion "1"]
[SourceVersionDate "2001.11.25"]
[SourceQuality "1"]

1. e4 d6 2. d4 g6 3. c4 Bg7 4. Nc3 c6 5. f4 e6 6. Nf3 Ne7 7. Bd3 a6 8. a4 a5 9. Be3 b6 10. Qd2 Na6 11. Rc1 Nb4 12. Bb1 Ba6 13. b3 Qc7 14. 0-0 Rd8 15. Na2 c5 16. Nxb4 axb4 17. d5 Bc3 18. Rxc3 bxc3 19. Qxc3 0-0 20. dxe6 f6 21. g4 d5 22. exd5 Nxd5 23. cxd5 Bxf1 24. Kxf1 Rxd5 25. Bd3 Kg7 26. Bc4 Rd1+ 27. Ke2 Rfd8 28. g5 Qe7 29. Bc1 h6 30. Bb2 hxg5 31. fxg5 R1d4 32. Qe3 fxg5 33. Nxd4 cxd4 34. Bxd4+ 1-0